000 00691nam a2200217Ia 4500
003 GCL
008 140319s9999 xx 000 0 ara d
020 _a8713241977
040 _aGCL /
_cGCL
082 0 4 _a810.80358
_bس ق
100 1 _aسهيلة الحسينى
245 1 0 _aقراءة فى ادب المقاومة فى الوطن العربى /
_cسهيلة الحسينى
250 _aالاولى
260 _aالقاهرة :
_bمكتبة الاداب ،
_c2006
300 _a128 ص ؛
_c19 سم
650 0 4 _aالادب العربى
650 0 4 _aالادب السياسى
650 0 4 _aالادب العراقى
650 0 4 _aسهيلة الحسينى
942 _2ddc
_cBK
999 _c8968
_d8968